Детская энциклопедия. [Т.] 5: Техника и производство (Запись № 7686355)

Подробности
000 -МАРКЕР
контрольное поле 01492nam2a22003131 4500
001 - ИДЕНТИФИКАТОР ЗАПИСИ
контрольное поле rc\3318911
005 - ИДЕНТИФИКАТОР ВЕРСИИ
контрольное поле 20250609211838.0
021 ## - НОМЕР ГОСУДАРСТВЕННОЙ РЕГИСТРАЦИИ
Код страны Российская Федерация
Номер [74-47641]
035 ## - ДРУГИЕ СИСТЕМНЫЕ НОМЕРА
Идентификатор записи (NLR Aleph) 007507861
100 ## - ДАННЫЕ ОБЩЕЙ ОБРАБОТКИ
Данные общей обработки 20130115d1974 |||y0rusy50 ca
101 0# - ЯЗЫК РЕСУРСА
Язык текста, звукозаписи и т.д. русский
102 ## - СТРАНА ПУБЛИКАЦИИ ИЛИ ПРОИЗВОДСТВА
Страна публикации Российская Федерация
105 ## - ПОЛЕ КОДИРОВАННЫХ ДАННЫХ: ТЕКСТОВЫЕ МАТЕРИАЛЫ, МОНОГРАФИЧЕСКИЕ
Кодированные данные о монографическом текстовом документе a z |||||
200 1# - ЗАГЛАВИЕ И СВЕДЕНИЯ ОБ ОТВЕТСТВЕННОСТИ
Основное заглавие Техника и производство
Первые сведения об ответственности Науч. ред. Зубков Б.В., Хачатуров Т.С.
210 ## - ПУБЛИКАЦИЯ, РАСПРОСТРАНЕНИЕ И ДР.
Дата издания, распространения и т.д. 1974
Место издания, распространения и т.д. Б. м.
215 ## - ФИЗИЧЕСКАЯ ХАРАКТЕРИСТИКА
Специфическое обозначение материала и объем 527 с.
Другие сведения о физической характеристике ил.
Размеры 26
320 ## - ПРИМЕЧАНИЯ О НАЛИЧИИ В ДОКУМЕНТЕ БИБЛИОГРАФИИ / УКАЗАТЕЛЯ
Текст примечания Что читать по технике / сост. В.И. Каплан: с. 504-512
320 ## - ПРИМЕЧАНИЯ О НАЛИЧИИ В ДОКУМЕНТЕ БИБЛИОГРАФИИ / УКАЗАТЕЛЯ
Текст примечания Словарь-указ.: с. 513-526
461 #0 - УРОВЕНЬ НАБОРА
Встроенное поле 001rc\3318906
-- 2001#$aДетская энциклопедия$e[В 12 т.]$eДля сред. и ст. возраста$fГл. ред. Маркушевич А.И.$gАкад. пед. наук СССР$v[Т.] 5
Системный номер (АБИС) связанной записи 7686342
Место публикации Москва
Дата публикации 1971-
Издание 3-е изд. [Т.] 1-
Первые сведения об ответственности Гл. ред. Маркушевич А.И.
Имя издателя, распространителя и т.д. Педагогика
Сведения, относящиеся к заглавию [В 12 т.] : Для сред. и ст. возраста
Заглавие Детская энциклопедия
Номер тома [Т.] 5
606 ## - НАИМЕНОВАНИЕ ТЕМЫ КАК ПРЕДМЕТ
Наименование темы Техника (т. 5) (д. л.)
Код системы psbo
702 #1 - ИМЯ ЛИЦА - ВТОРИЧНАЯ ОТВЕТСТВЕННОСТЬ
Начальный элемент ввода Зубков
Часть имени, кроме начального элемента ввода Б.В.
Код отношения Редактор
702 #1 - ИМЯ ЛИЦА - ВТОРИЧНАЯ ОТВЕТСТВЕННОСТЬ
Код отношения Редактор
Графика поля Кириллица
Материалы, к которым относится поле rus
Начальный элемент ввода Хачатуров
Часть имени, кроме начального элемента ввода Т. С.
Даты 1906-1989
Расширение инициалов личного имени Тигран Сергеевич
Системный номер авторитетной/нормативной записи 2642575
Идентификатор авторитетной/нормативной записи RU\NLR\AUTH\770273440
801 #0 - ИСТОЧНИК ЗАПИСИ
Страна Российская Федерация
Организация NLR
Правила каталогизации psbo
801 #1 - ИСТОЧНИК ЗАПИСИ
Страна Российская Федерация
Организация ELAR
Источник данных rusmarc
852 ## - МЕСТОНАХОЖДЕНИЕ И ШИФР ХРАНЕНИЯ
Идентификатор организации NLR
Шифр хранения (Call Number) 541-100/Д38
942 ## - ДОПОЛНИТЕЛЬНЫЕ ЭЛЕМЕНТЫ ЗАПИСИ (АБИС)
Тип экземпляра АБИС Книга
980 ## - КОЛЛЕКЦИЯ
Название коллекции Национальная библиография
Экземпляры
Тип экземпляра Дата поступления Библиотека постоянного хранения Библиотека текущего хранения Место хранения Шифр хранения Штрих-код Статус экземпляра Источник поступления
Книга 26.10.2013 РНБ (Московский) РНБ (Московский) Неопределен, для заказа не доступен, в ЭК виден 541-100/Д38 1-3676275    
Книга 29.08.2014 РНБ (Московский) РНБ (Московский) Фонд общего зала литературы по биологии и медицине М1 Я/Д-386 1-653766   Покупка